[Event "Kupreichik Memorial Open 2018"]
[Site "Minsk"]
[Date "2018.06.23"]
[Round "10"]
[White "Katashuk, Uladzislau"]
[Black "Terletsky, Oleg"]
[Result "0-1"]
[WhiteElo "2149"]
[BlackElo "2257"]
[Annotator "NA"]
[PlyCount "64"]
[EventDate "2018.06.21"]
[EventCountry "BLR"]
[SourceTitle "playchess.com"]
[Source "ChessBase"]
[SourceQuality "1"]
[TimeControl "900+10"]

1. f4 {[%emt 0:00:00]} d5 {[%emt 0:00:06]} 2. Nf3 {[%emt 0:00:00]} g6 {[%emt 0:00:01]} 3. g3 {[%emt 0:00:00]} Bg7 {[%emt 0:00:05]} 4. Bg2 {[%emt 0:00:00]} c5 {[%emt 0:00:08]} 5. O-O {[%emt 0:00:00]} Nc6 {[%emt 0:00:04]} 6. d3 {[%emt 0:00:00]} Nf6 {[%emt 0:00:05]} 7. Nc3 {[%emt 0:00:02]} O-O {[%emt 0:01:58]} 8. Ne5 {[%emt 0:00:01]} Be6 {[%emt 0:02:19]} 9. e4 {[%emt 0:00:54]} dxe4 {[%emt 0:00:30]} 10. Nxc6 {[%emt 0:00:04]} bxc6 {[%emt 0:00:03]} 11. Nxe4 {[%emt 0:02:46]} Nxe4 {[%emt 0:00:22]} 12. Bxe4 {[%emt 0:00:19]} Bd5 {[%emt 0:00:24]} 13. Qe2 {[%emt 0:00:52]} Rb8 {[%emt 0:00:56]} 14. c3 {[%emt 0:00:31]} f5 {[%emt 0:03:03]} 15. Bg2 {[%emt 0:00:39]} Bxg2 {[%emt 0:00:12]} 16. Kxg2 {[%emt 0:00:09]} e5 {[%emt 0:00:18]} 17. fxe5 {[%emt 0:00:24]} Qd5+ {[%emt 0:00:02]} 18. Rf3 {[%emt 0:00:52]} Bxe5 {[%emt 0:00:15]} 19. Be3 {[%emt 0:01:46]} Rfe8 {[%emt 0:00:10]} 20. Qf2 {[%emt 0:01:57]} Qxd3 {[%emt 0:04:03]} 21. Bxc5 {[%emt 0:00:10]} Qb5 {[%emt 0:00:01]} 22. b4 {[%emt 0:00:21]} Bxc3 {[%emt 0:00:23]} 23. a4 {[%emt 0:00:45]} Qc4 {[%emt 0:00:34]} 24. Ra2 {[%emt 0:05:07]} Bxb4 {[%emt 0:00:41]} 25. Bxa7 {[%emt 0:00:19]} Rbd8 {[%emt 0:00:38]} 26. Rf4 {[%emt 0:01:00]} Qd5+ {[%emt 0:00:05]} 27. Kh3 {[%emt 0:00:01]} c5 {[%emt 0:00:51]} 28. Bb6 {[%emt 0:00:10]} Rd6 {[%emt 0:00:25]} 29. a5 {[%emt 0:00:13]} g5 {[%emt 0:00:48]} 30. Rxf5 {[%emt 0:00:00]} Rh6+ {[%emt 0:00:02]} 31. Kg4 {[%emt 0:00:01]} Qe4+ {[%emt 0:00:05]} 32. Rf4 {[%emt 0:00:09]} gxf4 {[%emt 0:00:09]} 0-1

[Event "Kupreichik Memorial Open 2018"]
[Site "Minsk"]
[Date "2018.06.23"]
[Round "10"]
[White "Savolainen, Lev P"]
[Black "Tsaruk, Maksim"]
[Result "0-1"]
[WhiteElo "2053"]
[BlackElo "1980"]
[Annotator "NA"]
[PlyCount "98"]
[EventDate "2018.06.21"]
[EventCountry "BLR"]
[SourceTitle "playchess.com"]
[Source "ChessBase"]
[SourceQuality "1"]
[TimeControl "900+10"]

1. d4 {[%emt 0:00:00]} Nf6 {[%emt 0:00:04]} 2. c4 {[%emt 0:00:00]} e6 {[%emt 0:00:08]} 3. Nf3 {[%emt 0:00:00]} b6 {[%emt 0:00:04]} 4. g3 {[%emt 0:00:20]} Bb7 {[%emt 0:00:06]} 5. Bg2 {[%emt 0:00:02]} Be7 {[%emt 0:00:45]} 6. O-O {[%emt 0:00:10]} O-O {[%emt 0:00:04]} 7. Nc3 {[%emt 0:00:32]} Ne4 {[%emt 0:00:04]} 8. Qc2 {[%emt 0:00:10]} Nxc3 {[%emt 0:00:26]} 9. Qxc3 {[%emt 0:00:02]} d6 {[%emt 0:00:32]} 10. b4 {[%emt 0:01:51]} Nd7 {[%emt 0:00:16]} 11. Bb2 {[%emt 0:00:46]} f5 {[%emt 0:01:05]} 12. Rfd1 {[%emt 0:01:38]} Bf6 {[%emt 0:00:21]} 13. Qd2 {[%emt 0:03:33]} Qe7 {[%emt 0:00:19]} 14. Rac1 {[%emt 0:01:29]} Rad8 {[%emt 0:01:54]} 15. d5 {[%emt 0:01:03]} e5 {[%emt 0:01:11]} 16. Qc2 {[%emt 0:01:36]} g6 {[%emt 0:00:36]} 17. Ba3 {[%emt 0:00:44]} Rf7 {[%emt 0:01:39]} 18. c5 {[%emt 0:00:10]} bxc5 {[%emt 0:00:03]} 19. bxc5 {[%emt 0:00:01]} Nxc5 {[%emt 0:00:01]} 20. Bxc5 {[%emt 0:00:08]} dxc5 {[%emt 0:00:01]} 21. Qxc5 {[%emt 0:00:01]} Qxc5 {[%emt 0:00:01]} 22. Rxc5 {[%emt 0:00:02]} Rfd7 {[%emt 0:02:36]} 23. Ra5 {[%emt 0:01:29]} e4 {[%emt 0:01:15]} 24. Ne1 {[%emt 0:00:16]} a6 {[%emt 0:01:23]} 25. f3 {[%emt 0:00:40]} Rxd5 {[%emt 0:00:17]} 26. Raxd5 {[%emt 0:00:42]} Rxd5 {[%emt 0:00:01]} 27. Rc1 {[%emt 0:00:38]} Rc5 {[%emt 0:00:25]} 28. Rxc5 {[%emt 0:00:38]} Bd4+ {[%emt 0:00:01]} 29. Kf1 {[%emt 0:00:00]} Bxc5 {[%emt 0:00:01]} 30. fxe4 {[%emt 0:00:02]} fxe4 {[%emt 0:00:01]} 31. Nc2 {[%emt 0:00:16]} Bd5 {[%emt 0:00:18]} 32. e3 {[%emt 0:00:03]} Kg7 {[%emt 0:02:10]} 33. Ke2 {[%emt 0:00:30]} Bxa2 {[%emt 0:01:09]} 34. Bxe4 {[%emt 0:00:05]} a5 {[%emt 0:00:47]} 35. Bc6 {[%emt 0:00:27]} Bb3 {[%emt 0:00:11]} 36. Na1 {[%emt 0:00:44]} Bc4+ {[%emt 0:00:15]} 37. Kd2 {[%emt 0:00:02]} Kf6 {[%emt 0:00:09]} 38. Kc3 {[%emt 0:00:15]} Be6 {[%emt 0:00:01]} 39. Nc2 {[%emt 0:00:02]} Ke5 {[%emt 0:00:21]} 40. Nd4 {[%emt 0:00:16]} Bxd4+ {[%emt 0:00:31]} 41. exd4+ {[%emt 0:00:02]} Kd6 {[%emt 0:00:00]} 42. Ba4 {[%emt 0:00:06]} Bd5 {[%emt 0:00:07]} 43. h4 {[%emt 0:00:16]} Ke6 {[%emt 0:00:18]} 44. Bc2 {[%emt 0:00:03]} Kf6 {[%emt 0:00:06]} 45. g4 {[%emt 0:00:20]} h6 {[%emt 0:00:17]} 46. Bd1 {[%emt 0:00:09]} g5 {[%emt 0:00:05]} 47. h5 {[%emt 0:00:15]} Ke7 {[%emt 0:00:04]} 48. Kd3 {[%emt 0:00:14]} a4 {[%emt 0:00:14]} 49. Bxa4 {[%emt 0:00:02]} Bf3 0-1

[Event "Kupreichik Memorial Open 2018"]
[Site "Minsk"]
[Date "2018.06.23"]
[Round "10"]
[White "Sarbay, Aleksandr"]
[Black "Tyurin, Artem"]
[Result "1/2-1/2"]
[WhiteElo "2045"]
[BlackElo "1855"]
[Annotator "NA"]
[PlyCount "214"]
[EventDate "2018.06.21"]
[EventCountry "BLR"]
[SourceTitle "playchess.com"]
[Source "ChessBase"]
[SourceQuality "1"]
[TimeControl "900+10"]

1. e4 {[%emt 0:00:00]} c5 {[%emt 0:00:01]} 2. Nf3 {[%emt 0:00:00]} e6 {[%emt 0:00:01]} 3. d3 {[%emt 0:00:03]} d5 {[%emt 0:00:06]} 4. Qe2 {[%emt 0:00:05]} Nf6 {[%emt 0:00:51]} 5. g3 {[%emt 0:00:07]} Be7 {[%emt 0:00:02]} 6. Bg2 {[%emt 0:00:07]} O-O {[%emt 0:00:04]} 7. O-O {[%emt 0:00:56]} Nc6 {[%emt 0:00:04]} 8. e5 {[%emt 0:00:44]} Nd7 {[%emt 0:00:05]} 9. c4 {[%emt 0:00:35]} Nb6 {[%emt 0:01:47]} 10. Nc3 {[%emt 0:00:49]} dxc4 {[%emt 0:01:01]} 11. dxc4 {[%emt 0:00:04]} Nd4 {[%emt 0:00:14]} 12. Qe4 {[%emt 0:02:18]} Qc7 {[%emt 0:04:22]} 13. Nxd4 {[%emt 0:01:38]} cxd4 {[%emt 0:00:01]} 14. Qxd4 {[%emt 0:00:10]} Qxc4 {[%emt 0:01:32]} 15. Qxc4 {[%emt 0:00:33]} Nxc4 {[%emt 0:00:02]} 16. Re1 {[%emt 0:00:18]} Rb8 {[%emt 0:01:03]} 17. Re4 {[%emt 0:01:23]} b5 {[%emt 0:01:07]} 18. Nxb5 {[%emt 0:02:37]} Rxb5 {[%emt 0:00:02]} 19. Rxc4 {[%emt 0:00:09]} Rxe5 {[%emt 0:02:39]} 20. Bf4 {[%emt 0:00:50]} Re2 {[%emt 0:00:39]} 21. Rb1 {[%emt 0:00:54]} Bf6 {[%emt 0:00:50]} 22. Rbc1 {[%emt 0:02:20]} Ba6 {[%emt 0:00:50]} 23. R4c2 {[%emt 0:00:23]} Rxc2 {[%emt 0:00:18]} 24. Rxc2 Rd8 {[%emt 0:00:04]} 25. Bf3 {[%emt 0:00:31]} g5 {[%emt 0:00:31]} 26. Be3 {[%emt 0:00:09]} Rd7 {[%emt 0:00:07]} 27. b3 {[%emt 0:00:13]} Be7 {[%emt 0:00:18]} 28. Kg2 {[%emt 0:00:30]} f5 {[%emt 0:00:03]} 29. Rd2 {[%emt 0:00:16]} Rxd2 {[%emt 0:00:34]} 30. Bxd2 {[%emt 0:00:01]} Bb5 {[%emt 0:00:19]} 31. a4 {[%emt 0:00:07]} Bd3 {[%emt 0:00:03]} 32. b4 {[%emt 0:00:13]} Kf8 {[%emt 0:00:30]} 33. Bc6 {[%emt 0:00:30]} Bf6 {[%emt 0:00:11]} 34. b5 {[%emt 0:00:14]} Ke7 {[%emt 0:00:02]} 35. Be3 {[%emt 0:00:19]} Kd6 {[%emt 0:00:13]} 36. Bxa7 {[%emt 0:00:03]} Bc3 {[%emt 0:00:15]} 37. Bb6 {[%emt 0:00:19]} Bb4 {[%emt 0:00:15]} 38. a5 {[%emt 0:00:28]} Bc5 {[%emt 0:00:00]} 39. Bxc5+ {[%emt 0:00:10]} Kxc5 {[%emt 0:00:02]} 40. a6 {[%emt 0:00:00]} Kb6 {[%emt 0:00:01]} 41. f3 {[%emt 0:00:08]} e5 {[%emt 0:00:11]} 42. Kf2 {[%emt 0:00:02]} f4 {[%emt 0:00:02]} 43. g4 {[%emt 0:00:14]} h6 {[%emt 0:00:08]} 44. Ke1 {[%emt 0:00:00]} Bc4 {[%emt 0:00:04]} 45. Kd2 {[%emt 0:00:01]} Bf1 {[%emt 0:00:10]} 46. Kc3 {[%emt 0:00:02]} Be2 {[%emt 0:00:07]} 47. Kb4 {[%emt 0:00:01]} Bf1 {[%emt 0:00:14]} 48. a7 {[%emt 0:00:03]} Kxa7 49. Kc5 Bd3 {[%emt 0:00:24]} 50. Kd6 {[%emt 0:00:07]} Kb6 {[%emt 0:00:45]} 51. Kxe5 {[%emt 0:00:02]} Bxb5 {[%emt 0:00:07]} 52. Be4 {[%emt 0:00:23]} Bd7 {[%emt 0:00:16]} 53. Kf6 {[%emt 0:00:02]} Be8 {[%emt 0:00:06]} 54. Kg7 {[%emt 0:00:38]} h5 {[%emt 0:00:02]} 55. h3 {[%emt 0:00:07]} Kc5 {[%emt 0:00:18]} 56. gxh5 {[%emt 0:00:21]} Bxh5 {[%emt 0:00:07]} 57. Kf6 {[%emt 0:00:01]} Kd6 {[%emt 0:00:12]} 58. Kxg5 {[%emt 0:00:02]} Be8 {[%emt 0:00:13]} 59. Kf6 {[%emt 0:00:06]} Bh5 {[%emt 0:00:06]} 60. h4 {[%emt 0:00:04]} Kd7 {[%emt 0:00:05]} 61. Kg5 {[%emt 0:00:07]} Bf7 {[%emt 0:00:19]} 62. Kxf4 {[%emt 0:00:17]} Ke7 {[%emt 0:00:02]} 63. Kg5 {[%emt 0:00:08]} Kf8 {[%emt 0:00:02]} 64. f4 {[%emt 0:00:10]} Be6 {[%emt 0:00:01]} 65. Kf6 {[%emt 0:00:06]} Bh3 {[%emt 0:00:09]} 66. h5 {[%emt 0:00:04]} Kg8 {[%emt 0:00:01]} 67. Bf5 {[%emt 0:00:46]} Bg2 {[%emt 0:00:04]} 68. Be6+ {[%emt 0:00:06]} Kh7 {[%emt 0:00:18]} 69. Bf7 {[%emt 0:00:24]} Kh6 {[%emt 0:00:05]} 70. Bg6 {[%emt 0:00:15]} Bf3 {[%emt 0:00:17]} 71. Kf7 {[%emt 0:00:17]} Bd5+ {[%emt 0:00:01]} 72. Kf8 {[%emt 0:00:09]} Be6 {[%emt 0:00:10]} 73. Ke7 {[%emt 0:00:02]} Bh3 {[%emt 0:00:04]} 74. Kf6 {[%emt 0:00:12]} Bg4 {[%emt 0:00:16]} 75. Kf7 {[%emt 0:00:20]} Bh3 {[%emt 0:00:07]} 76. Kg8 {[%emt 0:00:01]} Bg4 {[%emt 0:00:09]} 77. Kf7 {[%emt 0:00:15]} Bh3 {[%emt 0:00:03]} 78. Kf6 {[%emt 0:00:08]} Bg4 {[%emt 0:00:01]} 79. Be8 {[%emt 0:00:12]} Bh3 {[%emt 0:00:08]} 80. Bf7 {[%emt 0:00:02]} Bg4 {[%emt 0:00:04]} 81. Bg6 {[%emt 0:00:07]} Bh3 {[%emt 0:00:29]} 82. Be8 {[%emt 0:00:13]} Bc8 {[%emt 0:00:18]} 83. Bf7 {[%emt 0:00:02]} Bg4 {[%emt 0:00:15]} 84. Ke7 {[%emt 0:00:11]} Bf5 {[%emt 0:00:24]} 85. Be6 {[%emt 0:00:06]} Be4 {[%emt 0:00:22]} 86. Kf6 {[%emt 0:00:26]} Kxh5 {[%emt 0:00:13]} 87. Bf5 {[%emt 0:00:01]} Bf3 {[%emt 0:00:10]} 88. Kg7 {[%emt 0:00:12]} Be2 {[%emt 0:00:18]} 89. Bg6+ {[%emt 0:00:05]} Kg4 {[%emt 0:00:06]} 90. f5 {[%emt 0:00:00]} Kg5 {[%emt 0:00:13]} 91. f6 {[%emt 0:00:06]} Bc4 {[%emt 0:00:01]} 92. Bd3 {[%emt 0:00:15]} Bd5 {[%emt 0:00:10]} 93. Bh7 {[%emt 0:00:12]} Bc4 {[%emt 0:00:06]} 94. Bd3 {[%emt 0:00:02]} Bd5 {[%emt 0:00:05]} 95. Bb5 {[%emt 0:00:01]} Bb3 {[%emt 0:00:15]} 96. Be8 {[%emt 0:00:01]} Bc4 {[%emt 0:00:11]} 97. Bf7 {[%emt 0:00:01]} Bb5 {[%emt 0:00:08]} 98. Bd5 {[%emt 0:00:18]} Be8 {[%emt 0:00:03]} 99. Bc6 {[%emt 0:00:09]} Bg6 {[%emt 0:00:08]} 100. Bd5 {[%emt 0:00:10]} Be8 {[%emt 0:00:07]} 101. Be6 {[%emt 0:00:27]} Bg6 {[%emt 0:00:23]} 102. Bd7 {[%emt 0:00:13]} Bh5 {[%emt 0:00:11]} 103. Bc6 {[%emt 0:00:16]} Bg6 {[%emt 0:00:03]} 104. Bf3 {[%emt 0:00:09]} Be8 {[%emt 0:00:01]} 105. Be2 {[%emt 0:00:17]} Bg6 {[%emt 0:00:03]} 106. Bc4 {[%emt 0:00:03]} Be8 {[%emt 0:00:03]} 107. Bf7 {[%emt 0:00:02]} Bd7 {[%emt 0:00:03]} 1/2-1/2

[Event "Kupreichik Memorial Open 2018"]
[Site "Minsk"]
[Date "2018.06.23"]
[Round "10"]
[White "Kirilin, Dmitrij"]
[Black "Shvedau, Mikhail"]
[Result "1-0"]
[WhiteElo "2026"]
[BlackElo "1742"]
[Annotator "NA"]
[PlyCount "91"]
[EventDate "2018.06.21"]
[EventCountry "BLR"]
[SourceTitle "playchess.com"]
[Source "ChessBase"]
[SourceQuality "1"]
[TimeControl "900+10"]

1. d4 {[%emt 0:00:00]} e6 {[%emt 0:00:06]} 2. Nf3 {[%emt 0:00:00]} f5 3. g3 {[%emt 0:00:09]} Nf6 {[%emt 0:00:04]} 4. Bg2 {[%emt 0:00:02]} d5 {[%emt 0:00:01]} 5. O-O {[%emt 0:00:02]} Bd6 {[%emt 0:00:01]} 6. c4 {[%emt 0:00:01]} c6 {[%emt 0:00:01]} 7. b3 {[%emt 0:00:01]} Qe7 {[%emt 0:00:02]} 8. Qc2 {[%emt 0:00:11]} O-O {[%emt 0:00:08]} 9. Bb2 {[%emt 0:00:21]} Bd7 {[%emt 0:00:13]} 10. Ne5 {[%emt 0:00:05]} Ne4 {[%emt 0:00:04]} 11. Nd2 {[%emt 0:00:19]} Be8 {[%emt 0:00:09]} 12. e3 {[%emt 0:00:12]} Nd7 {[%emt 0:00:04]} 13. Ndf3 {[%emt 0:00:11]} Bh5 {[%emt 0:00:07]} 14. Nxd7 {[%emt 0:00:35]} Qxd7 {[%emt 0:00:08]} 15. Ne5 {[%emt 0:00:03]} Qe7 {[%emt 0:00:04]} 16. f3 {[%emt 0:00:11]} Nf6 {[%emt 0:00:11]} 17. Rae1 {[%emt 0:00:16]} Bxe5 {[%emt 0:01:44]} 18. dxe5 {[%emt 0:00:02]} Nd7 {[%emt 0:00:02]} 19. Bd4 {[%emt 0:01:05]} Nb6 {[%emt 0:00:35]} 20. cxd5 {[%emt 0:01:37]} Nxd5 {[%emt 0:00:53]} 21. Bc5 {[%emt 0:00:30]} Qc7 {[%emt 0:00:20]} 22. Bxf8 {[%emt 0:00:30]} Rxf8 {[%emt 0:00:01]} 23. e4 {[%emt 0:00:27]} fxe4 {[%emt 0:00:06]} 24. Qxe4 {[%emt 0:01:40]} Qb6+ {[%emt 0:00:49]} 25. Kh1 {[%emt 0:00:10]} Bg6 {[%emt 0:00:04]} 26. Qc4 {[%emt 0:00:22]} Re8 {[%emt 0:00:44]} 27. Qe2 {[%emt 0:00:22]} Rd8 {[%emt 0:00:41]} 28. Rd1 {[%emt 0:00:23]} Re8 {[%emt 0:00:08]} 29. Rde1 {[%emt 0:00:25]} Rd8 {[%emt 0:00:01]} 30. Qf2 {[%emt 0:01:26]} Qa5 {[%emt 0:00:51]} 31. Rd1 {[%emt 0:00:31]} Rf8 {[%emt 0:00:19]} 32. Rd2 {[%emt 0:00:37]} Be4 {[%emt 0:01:00]} 33. fxe4 {[%emt 0:00:50]} Rxf2 {[%emt 0:00:05]} 34. Rdxf2 {[%emt 0:00:01]} g6 {[%emt 0:00:26]} 35. exd5 {[%emt 0:00:11]} cxd5 {[%emt 0:00:03]} 36. Bh3 {[%emt 0:00:37]} Qa6 {[%emt 0:00:41]} 37. Rf6 {[%emt 0:00:15]} Qd3 {[%emt 0:00:04]} 38. Rxe6 {[%emt 0:00:37]} d4 {[%emt 0:00:31]} 39. Bg2 {[%emt 0:00:39]} Qe2 {[%emt 0:00:51]} 40. Re7 {[%emt 0:00:01]} Qb5 {[%emt 0:00:22]} 41. a4 {[%emt 0:00:18]} Qc5 {[%emt 0:00:05]} 42. Rd7 {[%emt 0:00:27]} d3 {[%emt 0:00:19]} 43. e6 {[%emt 0:00:07]} d2 {[%emt 0:00:21]} 44. e7 {[%emt 0:00:05]} d1=Q {[%emt 0:00:02]} 45. e8=Q+ {[%emt 0:00:14]} Qf8 {[%emt 0:00:04]} 46. Qxf8# {[%emt 0:00:03]} 1-0

[Event "Kupreichik Memorial Open 2018"]
[Site "Minsk"]
[Date "2018.06.23"]
[Round "10"]
[White "Kaliadzich, Maryia"]
[Black "Korniichuk, Oleksandra"]
[Result "1/2-1/2"]
[WhiteElo "2021"]
[BlackElo "1740"]
[Annotator "NA"]
[PlyCount "87"]
[EventDate "2018.06.21"]
[EventCountry "BLR"]
[SourceTitle "playchess.com"]
[Source "ChessBase"]
[SourceQuality "1"]
[TimeControl "900+10"]

1. d4 {[%emt 0:00:00]} Nf6 {[%emt 0:00:01]} 2. Nf3 {[%emt 0:00:00]} e6 {[%emt 0:00:05]} 3. e3 {[%emt 0:00:00]} b6 {[%emt 0:00:03]} 4. Bd3 {[%emt 0:00:00]} Bb7 {[%emt 0:00:03]} 5. O-O {[%emt 0:00:01]} Be7 {[%emt 0:00:02]} 6. c4 {[%emt 0:00:06]} O-O {[%emt 0:00:04]} 7. Nc3 {[%emt 0:00:03]} d5 {[%emt 0:00:15]} 8. b3 {[%emt 0:00:05]} c5 {[%emt 0:00:10]} 9. Bb2 {[%emt 0:00:05]} Nc6 {[%emt 0:00:42]} 10. cxd5 {[%emt 0:00:45]} Nxd5 {[%emt 0:00:19]} 11. dxc5 {[%emt 0:00:30]} Nxc3 {[%emt 0:01:17]} 12. Bxc3 {[%emt 0:00:03]} Bxc5 {[%emt 0:00:05]} 13. Qc2 {[%emt 0:03:24]} h6 {[%emt 0:00:12]} 14. Rfd1 {[%emt 0:00:40]} Qe7 {[%emt 0:00:05]} 15. Bb2 {[%emt 0:02:01]} e5 {[%emt 0:00:56]} 16. Bc4 {[%emt 0:01:22]} Rfd8 {[%emt 0:00:45]} 17. Qf5 {[%emt 0:00:42]} Bd6 {[%emt 0:02:22]} 18. Bd5 {[%emt 0:00:42]} Re8 {[%emt 0:00:34]} 19. Be4 {[%emt 0:00:23]} g6 {[%emt 0:00:36]} 20. Qh3 {[%emt 0:00:14]} Kh7 {[%emt 0:00:12]} 21. Nd2 {[%emt 0:01:56]} Rad8 {[%emt 0:01:13]} 22. Nc4 {[%emt 0:00:05]} Bb8 {[%emt 0:00:10]} 23. Qf3 {[%emt 0:00:51]} Na5 {[%emt 0:04:56]} 24. Nxa5 {[%emt 0:01:57]} Bxe4 {[%emt 0:00:04]} 25. Qxe4 {[%emt 0:00:01]} bxa5 {[%emt 0:00:04]} 26. Rd5 {[%emt 0:00:59]} Bc7 {[%emt 0:02:22]} 27. Rad1 {[%emt 0:00:42]} Kg8 {[%emt 0:01:00]} 28. h4 {[%emt 0:00:34]} Rxd5 {[%emt 0:00:22]} 29. Rxd5 {[%emt 0:00:05]} Rd8 {[%emt 0:00:26]} 30. h5 {[%emt 0:00:30]} Rxd5 {[%emt 0:00:13]} 31. Qxd5 {[%emt 0:00:02]} Qd6 {[%emt 0:00:05]} 32. Qxd6 {[%emt 0:00:37]} Bxd6 {[%emt 0:00:01]} 33. g4 {[%emt 0:00:16]} gxh5 {[%emt 0:00:12]} 34. gxh5 {[%emt 0:00:01]} f6 {[%emt 0:00:06]} 35. Kg2 {[%emt 0:00:08]} Kf7 {[%emt 0:00:04]} 36. e4 {[%emt 0:00:06]} Ke6 {[%emt 0:00:07]} 37. Bc1 {[%emt 0:00:12]} Bf8 {[%emt 0:00:04]} 38. a4 {[%emt 0:00:21]} f5 {[%emt 0:00:06]} 39. Bd2 {[%emt 0:00:24]} fxe4 {[%emt 0:00:08]} 40. Bxa5 {[%emt 0:00:03]} Kf5 {[%emt 0:00:06]} 41. Bc7 {[%emt 0:00:15]} Kg4 {[%emt 0:00:11]} 42. Bxe5 {[%emt 0:00:21]} Bb4 {[%emt 0:00:03]} 43. Bc7 {[%emt 0:00:22]} a5 {[%emt 0:00:03]} 44. Bb6 {[%emt 0:00:05]} 1/2-1/2

[Event "Kupreichik Memorial Open 2018"]
[Site "Minsk"]
[Date "2018.06.23"]
[Round "10"]
[White "Svjatocho, Andrej"]
[Black "Kalugin, Sergey G"]
[Result "0-1"]
[WhiteElo "1979"]
[BlackElo "2334"]
[Annotator "NA"]
[PlyCount "42"]
[EventDate "2018.06.21"]
[EventCountry "BLR"]
[SourceTitle "playchess.com"]
[Source "ChessBase"]
[SourceQuality "1"]
[TimeControl "900+10"]

1. e4 {[%emt 0:00:00]} c5 {[%emt 0:00:01]} 2. f4 {[%emt 0:00:00]} d5 {[%emt 0:00:00]} 3. exd5 {[%emt 0:00:01]} Nf6 {[%emt 0:00:01]} 4. Bb5+ {[%emt 0:00:25]} Bd7 {[%emt 0:00:01]} 5. Bxd7+ {[%emt 0:00:17]} Qxd7 {[%emt 0:00:01]} 6. c4 {[%emt 0:00:28]} e6 {[%emt 0:00:02]} 7. dxe6 {[%emt 0:00:08]} fxe6 {[%emt 0:00:07]} 8. Nf3 {[%emt 0:00:31]} Nc6 {[%emt 0:00:01]} 9. O-O {[%emt 0:01:09]} Bd6 {[%emt 0:01:32]} 10. d3 {[%emt 0:00:50]} O-O {[%emt 0:00:05]} 11. Nc3 {[%emt 0:00:51]} e5 {[%emt 0:00:33]} 12. Nd5 {[%emt 0:00:42]} exf4 {[%emt 0:00:23]} 13. Nxf4 {[%emt 0:00:57]} Bc7 {[%emt 0:04:03]} 14. Ne2 {[%emt 0:04:18]} Rae8 {[%emt 0:02:02]} 15. Bg5 {[%emt 0:01:37]} Ng4 {[%emt 0:01:10]} 16. Qd2 {[%emt 0:01:09]} Qd6 {[%emt 0:02:59]} 17. Ng3 {[%emt 0:00:27]} Nxh2 {[%emt 0:00:23]} 18. Nxh2 {[%emt 0:00:46]} Qxg3 {[%emt 0:00:02]} 19. Rxf8+ {[%emt 0:00:11]} Rxf8 {[%emt 0:00:01]} 20. Nf1 {[%emt 0:00:03]} Qg4 {[%emt 0:00:23]} 21. Re1 {[%emt 0:01:39]} Ba5 {[%emt 0:00:23]} 0-1

[Event "Kupreichik Memorial Open 2018"]
[Site "Minsk"]
[Date "2018.06.23"]
[Round "10"]
[White "Sadovnikov, Konstantin"]
[Black "Papunidi, Matvey"]
[Result "0-1"]
[WhiteElo "1907"]
[BlackElo "1913"]
[Annotator "NA"]
[PlyCount "84"]
[EventDate "2018.06.21"]
[EventCountry "BLR"]
[SourceTitle "playchess.com"]
[Source "ChessBase"]
[SourceQuality "1"]
[TimeControl "900+10"]

1. e4 {[%emt 0:00:00]} c5 {[%emt 0:00:01]} 2. Nc3 {[%emt 0:00:00]} Nc6 {[%emt 0:00:02]} 3. g3 {[%emt 0:00:00]} g6 {[%emt 0:00:01]} 4. Bg2 {[%emt 0:00:00]} Bg7 {[%emt 0:00:02]} 5. d3 {[%emt 0:00:00]} e6 {[%emt 0:00:02]} 6. f4 {[%emt 0:00:00]} Nge7 {[%emt 0:00:01]} 7. Nf3 {[%emt 0:00:00]} d6 {[%emt 0:00:08]} 8. O-O {[%emt 0:00:00]} O-O {[%emt 0:00:02]} 9. Be3 {[%emt 0:00:01]} Rb8 {[%emt 0:00:01]} 10. d4 {[%emt 0:00:01]} cxd4 {[%emt 0:01:15]} 11. Nxd4 {[%emt 0:00:01]} Qb6 {[%emt 0:00:16]} 12. Nf5 {[%emt 0:00:33]} Qxb2 {[%emt 0:00:04]} 13. Nxg7 {[%emt 0:00:26]} Qxc3 {[%emt 0:00:04]} 14. Bf2 {[%emt 0:03:50]} Kxg7 {[%emt 0:01:15]} 15. g4 {[%emt 0:01:04]} f5 {[%emt 0:00:17]} 16. exf5 {[%emt 0:01:04]} exf5 {[%emt 0:00:13]} 17. Re1 {[%emt 0:00:01]} Kg8 {[%emt 0:00:38]} 18. Rb1 {[%emt 0:03:07]} fxg4 {[%emt 0:01:15]} 19. Rb3 {[%emt 0:07:14]} Qf6 {[%emt 0:00:24]} 20. Bg3 {[%emt 0:00:15]} Bf5 {[%emt 0:01:07]} 21. Rbe3 {[%emt 0:00:02]} Rbd8 {[%emt 0:01:50]} 22. Qb1 {[%emt 0:00:01]} Rd7 {[%emt 0:00:16]} 23. Qb3+ {[%emt 0:00:10]} Kg7 {[%emt 0:00:16]} 24. R1e2 {[%emt 0:00:06]} Nd4 {[%emt 0:00:14]} 25. Qa4 {[%emt 0:00:15]} Nxe2+ {[%emt 0:00:13]} 26. Rxe2 {[%emt 0:00:01]} d5 {[%emt 0:00:31]} 27. Bf2 {[%emt 0:00:10]} d4 {[%emt 0:00:10]} 28. Be4 {[%emt 0:00:34]} Bxe4 {[%emt 0:00:30]} 29. Qxd7 {[%emt 0:00:10]} Kh6 {[%emt 0:05:41]} 30. Rxe4 {[%emt 0:00:14]} Nf5 {[%emt 0:00:01]} 31. Qxb7 {[%emt 0:00:29]} Nd6 {[%emt 0:01:14]} 32. Qd5 {[%emt 0:00:17]} Nxe4 {[%emt 0:00:02]} 33. Qxe4 {[%emt 0:00:04]} Qxf4 {[%emt 0:00:05]} 34. Qe2 {[%emt 0:00:05]} Qxf2+ {[%emt 0:00:16]} 35. Qxf2 {[%emt 0:00:01]} Rxf2 {[%emt 0:00:01]} 36. Kxf2 {[%emt 0:00:01]} Kg5 {[%emt 0:00:01]} 37. Kg3 {[%emt 0:00:01]} Kf5 {[%emt 0:00:02]} 38. Kf2 {[%emt 0:00:01]} Kf4 {[%emt 0:00:01]} 39. Ke2 {[%emt 0:00:00]} Ke4 {[%emt 0:00:03]} 40. Kd2 {[%emt 0:00:01]} h5 {[%emt 0:00:03]} 41. Ke2 {[%emt 0:00:01]} h4 {[%emt 0:00:02]} 42. Kf2 {[%emt 0:00:00]} Kf4 {[%emt 0:00:04]} 0-1